Egyptian coffins /

Saved in:

Main Author: Taylor, John H., 1958- (Author)

Format: Book

Language: English

Published: Princes Risborough : Shire, 1989.

Series: Shire Egyptology ; 11.
ShirEgypt ; 11.

Subjects:

Tags: Add Tag

No Tags, Be the first to tag this record!

Call Number: DT57 .S25 v.11

LEADER 00835namaa2200301 4500
001 13325
003 OSt
005 20260421153819.0
008 130303s1989 enka b 001 0 eng d
020 |a 0852639775 
040 |c ARCE Library 
043 |a f-ua--- 
050 4 |a DT57 .S25 v.11 
100 1 |a Taylor, John H.,  |d 1958-   |e author 
245 1 0 |a Egyptian coffins /  |c John H. Taylor. 
264 1 |a Princes Risborough :  |b Shire,  |c 1989.  
300 |a 68 pages :  |b illustrations ;  |c 21 cm. 
490 1 |a Shire Egyptology ;   |v 11. 
490 1 |a ShirEgypt ;   |v 11. 
504 |a Includes bibliography and index. 
650 0 |a Coffin texts. 
650 0 |a Coffins  |z Egypt.  
651 0 |a Egypt  |x Antiquities. 
830 0 |a Shire Egyptology ;   |v 11. 
830 0 |a ShirEgypt ;   |v 11. 
901 |a reviewed 
942 |c BK  |2 lcc 
999 |c 13227  |d 13227